Vista completa de documento

STA |a SA-ELE
STA |a Fintech
FMT SE
LDR      nas  22      i 4500
001 000473634
005 20240508134607.0
006 m        d        
007 cr nuu---uuuuu
008 221118c20199999xxuqr p s     0     eng d
022 |a 2640-3943 (en papel)
022 |a 2640-3951 (en línea)
040 |a ES-MaBBE
098 |a G64 |e Valoración de activos
098 |a R8 |e Técnicas informáticas
24500 |a Journal of financial data science |h [Recurso electrónico]
260 |a New York : |b Pageant Media Ltd., |c [2019]-.
310 |a Trimestral
3620 |a Winter 2019: Vol. 1, Issue 1-
506 |a Acceso electrónico RESTRINGIDO por IP a los usuarios de la Biblioteca del Banco de España
5203 |a This peer-reviewed journal covers research activity in the areas of data science - big data analytics, artificial intelligence, machine learning and cognate areas, as they are applied in asset management.
595 |a CON-332 PM_RESEARCH
65310 |a Fintech-Revista
65310 |a Fintech-General
8564 |z Comprobar disponibilidad en SFX |u https://login.ezproxy-bde.greendata.es/login?url=https://jfds.pm-research.com/
035 |a (OCoLC)1382408461 |z OCOLC1382408461
TYP |a Revista
TYP |a Recurso electronico
TYP |a Revista electronica
TYP |a EL |b Acceso
SYS 000473634

2013 Banco de España, Madrid, España. Reservados todos los derechos
Basado en Ex Libris (© 2009 Ex Libris)

Contacto